Energy Security vs Clean Energy: Energy Policy of the Visegrad Group Countries in the Context Of the European Union Membership

Postavenie krajín Vyšehradskej skupiny v rámci Európskej únie v rámci energetickej politiky, plnenia strategických cieľov a priorít stanovených v strategických plánoch EÚ. Dve tabuľky a štyri grafy znázorňujúce energetické ciele stanovené v národných energetických a klimatických stratégiách a štrukt...

Descrizione completa

Salvato in:
Dettagli Bibliografici
Autore principale: Kajánek, Tomáš, 1995-
Natura: Capitolo di libro
Lingua:inglese
Soggetti:
Tags: Aggiungi Tag
Nessun Tag, puoi essere il primo ad aggiungerne!!

MARC

LEADER 00000naa$a2200000$$$4500
001 0271569
005 20240502074259.7
041 0 |a eng 
044 |a SK 
245 1 0 |a Energy Security vs Clean Energy: Energy Policy of the Visegrad Group Countries in the Context Of the European Union Membership  |c Tomáš Kajánek 
520 |a Postavenie krajín Vyšehradskej skupiny v rámci Európskej únie v rámci energetickej politiky, plnenia strategických cieľov a priorít stanovených v strategických plánoch EÚ. Dve tabuľky a štyri grafy znázorňujúce energetické ciele stanovené v národných energetických a klimatických stratégiách a štruktúru energetického mixu jednotlivých krajín. 
610 2 0 |a bezpečnosť energetická 
610 2 0 |a energia 
610 2 0 |a Vyšehradská štvorka 
610 2 0 |a Európska únia 
100 1 |a Kajánek, Tomáš, 1995-